000 00713nam a2200265Ia 4500
003 OSt
005 20221006144426.0
006 a|||||r|||| 00| 0
007 ta
008 221006b |||||||| |||| 00| 0 eng d
020 _c60.00
024 _a11,659
037 _cTextual
040 _aEASL
_cEASL
_beng
041 _2eng
_aeng
082 _aV1:19(zT).N7, L9
100 _aBHARGVA Mahesh Kumar
_9651956
245 0 _aDisarmament from versailles to test ban treaty
260 _aNew Delhi
_bNational Pub. India
_c1979
300 _a221p.
_ccm.
490 _v Gen
650 _aGen
942 _hV1:19(zT).N7, L9
_cTEXL
_2CC
999 _c1079745
_d1079745